000 00597nam a2200205Ia 4500
003 IN-BaIIA
008 211028s9999 xx 000 0 eng d
020 _a0-387-05414-6
040 _cIIA Library
080 _a512.743
_bLIN
245 0 _aLinear algebra
_cedited by F.L. Bauer
260 _aNew York
_bSpringer-Verlag
_c1971
300 _a439p.
490 _aHandbook for Automatic Computation; v.II
650 _aFunctions
_91650
650 _aLinear algebra
_95766
650 _aNASA Thesaurus
700 _aBauer, F.L. ed.
_917236
942 _cBK
999 _c10164
_d10164